000 00355nam a2200157Ia 4500
003 Ost
005 20260225132538.0
008 260225s9999||||xx |||||||||||||| ||und||
040 _cfsic
041 _afre
082 _a305
100 _aFrançois thual
_eAuteur
245 0 _aLes conflits identitaires /
245 0 _cFrançois thual
942 _cكتاب
999 _c33325
_d33325